000 00745nam a2200265Ia 4500
003 OSt
005 20220928125357.0
006 a|||||r|||| 00| 0
007 ta
008 220927b |||||||| |||| 00| 0 eng d
020 _cUKP 77.99
024 _a135994
037 _b49, 13/10/2017, Better Book Service
_cTextual
040 _aSDCL
_cSDCL
_beng
041 _2eng
_aeng
082 _aS:43, Q7
100 _aRadvansky Gabriel A.
_9469435
245 0 _aHuman memory
250 _a3rd
260 _aNew York
_b Routledge
_c2017
300 _axvii,656p.
_ccm.
650 _aApplied Psychology
942 _hS:43, Q7
_cTEXL
_2CC
999 _c782091
_d782091